Teoría general de los sistemas: aplicación a la administración de los negocios
Saved in:
| 主要作者: | |
|---|---|
| 格式: | 圖書 |
| 語言: | 西班牙语 |
| 出版: |
Buenos Aires
Ugerman
2000
|
| 版: | 1a. ed |
| 叢編: | Colección Estudio
|
| 主題: | |
| 標簽: |
添加標簽
沒有標簽, 成為第一個標記此記錄!
|
MARC
| LEADER | 00000nam a2200000 a 4500 | ||
|---|---|---|---|
| 001 | UCL7626 | ||
| 003 | CL-VaPUC | ||
| 008 | 040528e20000000AG |||||||||||||||||spa|d | ||
| 020 | |a 9879736567 | ||
| 082 | 0 | 4 | |a 658.4032 |b LEV |2 21 |
| 100 | 0 | |a Levaggi, Gero |e author |9 485446 | |
| 245 | 1 | 0 | |a Teoría general de los sistemas: aplicación a la administración de los negocios |
| 250 | |a 1a. ed | ||
| 300 | |a 173 p | ||
| 942 | |c BK | ||
| 945 | |d 20040528 00:00:00 |a cmena | ||
| 260 | |a Buenos Aires |b Ugerman |c 2000 | ||
| 650 | 0 | |a Teoría de sistemas |9 260742 | |
| 650 | 0 | |a Administración de empresas |9 260833 | |
| 650 | 0 | |a Toma de decisiones |9 257530 | |
| 650 | 0 | |a Planificación estratégica |9 259735 | |
| 650 | 0 | |a Modelos matemáticos |9 259437 | |
| 583 | |a last modification |c 20040528 00:00:00 |k Rodrigo Vera | ||
| 490 | 0 | |a Colección Estudio | |
| 999 | |c 309258 |d 309256 | ||
| 952 | |0 0 |1 0 |4 0 |6 658_403200000000000_LEV_2000 |7 0 |8 A |9 376630 |a BIBING |b BIBING |d 2019-11-21 |i 4417720 |o 658.4032 LEV 2000 |p 4417720 |r 2025-01-20 |w 2019-11-21 |y BK |k EII | ||